000 00486nam a2200193Ia 4500
003 GCL
008 140319s9999 xx 000 0 eng d
040 _aGCL /
_cGCL
082 0 4 _aCC
_b912.62
_bA R
100 1 _aAUTOMOBILE ASSOCIATION DEVELOPMENTS
245 1 0 _aROAD ATALS OF EGYPT /
_cAUTOMOBILE ASSOCIATION DEVELOPMENTS
300 _a120 P
650 0 4 _aMAPS
650 0 4 _aATLAS
650 0 4 _aEGYPT - MAPS
650 0 4 _aATLAS - EGYPT
650 0 4 _aROAD MAPS
942 _2ddc
_cBK
999 _c16483
_d16483